Statistics for Nottingham Forest Best Scorer By Year

Click here to take the quiz!

General Stats

  • This quiz has been taken 88 times
    (4 since last reset)
  • The average score is 13 of 25

Answer Stats

Player% Correct
Chris Wood
100%
Garry Birtles
100%
John Robertson
75%
Nigel Clough
75%
Peter Davenport
75%
Peter Withe
75%
Stan Collymore
75%
Taiwo Awoniyi
75%
Teddy Sheringham
75%
Trevor Francis
75%
Bryan Roy
50%
Dougie Freedman
50%
Ian Storey-Moore
50%
Ian Woan
50%
Jason Lee
50%
Neil Webb
50%
Alf-Inge Håland
25%
Colin Addison
25%
Colin Booth
25%
Frank Wignall
25%
Ian Wallace
25%
Joe Baker
25%
Kevin Campbell
25%
Steve Hodge
25%
Tommy Wilson
25%

Score Distribution

Percentile by Number Answered

Percent of People with Each Score

Your Score History

You have not taken this quiz since the last reset